Quizzes
Events
Quiz Creation
Community
Videos
Private Events
Remove Ads
Sign In
Join for FREE
Feedback
Dark Mode
Quiz Categories
Sports
Geography
Music
Movies
Television
Just For Fun
Miscellaneous
History
Literature
Language
Science
Gaming
Entertainment
Religion
Holiday
For Kids
Quiz Lab
Recent
Popular Today
Quiz Kudos Today
Editor Picks
Curator Picks
Quizzes by...
Day
Popularity
Type
Ratings
Length
Year
Community
Subscriptions
Recent Discussions
Orange Saloon
Badges
Playlists
Quests
Create
Leaderboards
Showdown
Live 5
Trivia Bingo
Activity
Puzzle Library
Sporcle Events
Private Events
Virtual Trivia
Globe League
Become a Host
Pub Owners
SporcleCon
Opinionation
Our Games
Videos
Blog
Mobile Apps
Partnerships
Remove Ads and Go Orange
Feedback
History
US Presidents
World Leaders
Politics
Nation
Discovery
War
Decade
Year
Century
Biography
Art
History
US Presidents
World Leaders
Politics
Nation
Discovery
War
Decade
Year
Century
Biography
Art
Random Quiz
Search Sporcle
×
Quiz Lab
Quiz Lab
History
Kingdom
Type in answers that appear in a list
Type in answers that appear in a list
Classic
Best Score? Go Orange.
Den Danske Kongerække Stats
Can you name the Den Danske Kongerække?
By
klichefloskel
10m
54 Questions
754 Plays
754 Plays
754 Plays
Comments
Comments
Give Quiz Kudos
Give Quiz Kudos
-
- Ratings
hide this ad
Replay
Link that replays current quiz
Next Quiz
Link to next quiz in quiz playlist
You Got
0%
They Got
Avg Score
67%
Avg Friend Score
Upgrade to see
Score Distribution
Jump to the score distribution portion of the page
Score
0/54
Timer
10:00
0
Plays Today
Regeringsår
Monark
% Correct
ca.958-
ca.986
Harald Blåtand
94.7%
Ukendt-
ca.958
Gorm den Gamle
91.7%
ca.986-
1014
Svend Tveskæg
85.4%
1448-
1481
Christian I
78%
1018-
1035
Knud den Store
77%
Formynder og Samregent 1375-
1412
Margrethe I
76%
1513-
1523
Christian II
75.8%
1523-
1533
Frederik I
74.6%
1202-
1241
Valdemar Sejr
73.8%
1340-
1375
Valdemar Atterdag
72.3%
1559-
1588
Frederik II
72.2%
1534-
1559
Christian III
72%
1648-
1670
Frederik III
71.9%
1146-
1182
Valdemar den Store
71.6%
1746-
1766
Frederik V
71.2%
1670-
1699
Christian V
71.1%
1808-
1839
Frederik VI
70.7%
1588-
1648
Christian IV
70.4%
1699-
1730
Frederik IV
70.2%
1730-
1746
Christian VI
70.2%
1848-
1863
Frederik VII
70.2%
1972-
Margrethe II
69.8%
1766-
1808
Christian VII (Struensee)
69.6%
1912-
1947
Christian X
69.4%
1906-
1912
Frederik VIII
69.2%
1947-
1972
Frederik IX
69.1%
1095-
1103
Erik Ejegod
68.7%
Regeringsår
Monark
% Correct
1839-
1848
Christian VIII
68.6%
1863-
1906
Christian IX
68.6%
1035-
1042
Hardeknud
68.4%
1047-
1074
Svend Estridsen
68.2%
1259-
1286
Erik Klipping
67.4%
1080-
1086
Knud den Hellige
66%
1134-
1137
Erik Emune
66%
1396-
1439
Erik af Pommern
64.8%
1137-
1146
Erik Lam
64.7%
1014-
1018
Harald II
64.6%
1286-
1319
Erik Menved
62.7%
1481-
1513
Hans
62.7%
1076-
1080
Harald Hen
62.5%
1241-
1250
Erik Plovpenning
62.2%
1146-
1157
Svend III
60.1%
1146-
1157
Knud V
57.9%
1086-
1095
Oluf Hunger
57.4%
1042-
1047
Magnus den Gode
57.1%
1252-
1259
Christoffer I
56.7%
1326-
1330
Valdemar III
55.5%
1104-
1134
Niels
55.3%
1182-
1202
Knud VI
55.3%
1320-
1326
Christoffer II
55%
1330-
1332
Christoffer II
55%
1250-
1252
Abel I
53.5%
1440-
1448
Christoffer af Bayern
52.9%
1376-
1387
Oluf II
48.9%
Quiz Playlist
Details
Report
Send in Message
Add To Playlist
Classic:
Type in answers that appear in a list
Last Updated: Feb 16, 2017
Quiz Scoreboard
CHALLENGE
Sign Up to Join the Scoreboard
Show All
Scores
Hide
Comments
May contain spoilers
Recently Published
College Basketball Coaching Resumes
by pancakes188
Sports
9m
Billboard Blitz: Fleetwood Mac
by CooCooCachoo
Music
15s
Presidents Visiting Landmarks
by Hejman
History
7m
More to Explore
Quiz From the Vault
Featured Blog Post
Where Did the Easter Bunny Come From?
hide this ad
You Might Also Like...
Tags
dane
danish
Denmark
King
Kingdom
Queen
Today's Top Quizzes in History
Browse History
hide this ad
Today's Top Quizzes in Kingdom
Browse Kingdom
Top Contributed Quizzes in History
1
Popular People in 1991
2
Popular People in 1981
3
Popular People in 1951
4
Popular People in 1941
5
Popular People in 1986
6
Popular People in 1976
7
Popular People in 1921
8
5-to-1: 20th Century Images of War
9
I Am Born On March 28th
10
Popular People in 1946
Explore More
Trending Topics
Marvel
Harry Potter
Crossword
Anime
Kpop
Disney
NBA
Pokémon
Country
NFL
The Office
WWE
Song
Puzzle
Soccer
hide this ad
More By:
klichefloskel
Quiz
Plays
Rating
Category
Featured
Created
Den Danske Kongerække
754
3.33
History
Sep 26, 2011
Olympic handball medals per country
585
3.75
Sports
Sep 27, 2011
Monty Python figure out the lyrics 3
437
3.50
Television
Nov 14, 2011
Monty Python figure out the lyrics 4
414
4.75
Television
Nov 15, 2011
Danish handball EC goldwinnners 2008
413
3.50
Sports
Sep 21, 2011
Go to Creator's Profile
Score Distribution
Quiz Creator Spotlight
klichefloskel
Follow
Send a Message
Quizzes Created
-
Created Quiz Play Count
-
More By This Creator
Popular Quizzes Today
1
Find the US States - No Outlines Minefield
2
Find the Countries of Europe - No Outlines Minefield
3
The Countries of the World
4
Find the US States
5
Risky Map Clicking: Biggest States A-Z
6
US States
7
Popular People in 1961
8
Movies - When Are They Set?
More History Quizzes
Alphabet Image Soup: 6-Letter US Presidents
Quiz Lab
Trending Quizzes
Risky Map Clicking: Least Populous States A-Z
1-10 Letter G Words
1-10 Letter F Words
Risky Map Clicking: Next State Alphabetically
Risky Map Clicking: Biggest States A-Z
Recently Updated
Leaping Animals
pecheneg
Reality TV Shows (A-Z)
bhenderson79
Rickey Henderson's Hall of Fame Teammates
pecheneg
Champions League XIs: Arsenal
pecheneg
Quick Pick: Celebrities in WWE's Hall of Fame
aduchscher
A-Z Keypad Blitz II
pecheneg
Multiple Oscar Actors
pecheneg
Mystery Phrase Blitz: Oscar 'Best Actors'
pecheneg
F. Scott Fitzgerald Novels
LTH
Pick 3 Villains
ddd62291
Trending Topics
NBA
Anime
Disney
Kpop
Marvel
Crossword
Harry Potter
Soccer
The Office
NFL
WWE
Song
Country
Puzzle
Pokémon
Your Account Isn't Verified!
In order to create a playlist on Sporcle, you need to verify the email address you used during registration. Go to your
Sporcle Settings
to finish the process.
Report this User
Report this user for behavior that violates our
Community Guidelines
.
Details:
Send Report
Go to the Sporcle.com Mobile Site →
Comments